| 000 | 01085cam a22003493a 4500 | ||
|---|---|---|---|
| 001 | 14715156 | ||
| 003 | OSt | ||
| 005 | 20180116183024.0 | ||
| 008 | 870418s1987 nyu 000 0 eng d | ||
| 010 | _a 86091817 | ||
| 020 |
_a0449131173 : _c$3.95 |
||
| 020 | _a9780449131176 | ||
| 035 | _a(OCoLC)ocm15552747 | ||
| 035 | _a(OCoLC)15552747 | ||
| 040 |
_aVTL _cVTL _dBTCTA _dDLC |
||
| 042 | _alccopycat | ||
| 050 | 0 | 0 | _aCPB Box no. 2528 vol. 15 |
| 082 | _a813.54 LAN 1987 | ||
| 100 | 1 | _aLand, Jon. | |
| 245 | 1 | 4 |
_aThe Council of Ten _cJon Land. |
| 250 | _a1st ed. | ||
| 260 |
_aNew York : _bBallantine Books, _cc1987. |
||
| 300 |
_a345 p. ; _c17 cm. |
||
| 440 | _aThe Council of Ten | ||
| 500 | _a"Fawcett Gold Medal books." | ||
| 655 | 7 |
_aSuspense fiction. _2gsafd |
|
| 710 | 2 |
_aCopyright Paperback Collection (Library of Congress) _5DLC |
|
| 856 | 4 | 2 |
_3Publisher description _uhttp://www.loc.gov/catdir/enhancements/fy0804/86091817-d.html |
| 906 |
_a7 _bcbc _ccopycat _d2 _encip _f20 _gy-genrareb |
||
| 942 |
_2ddc _cBK |
||
| 999 |
_c350695 _d350695 |
||